LEADER 00871nam a2200241 i 4500 001 000000129568 003 CaOOAMICUS 005 20070703000000.0 008 070703s1966 it u000 u ita u 013 $a102301 040 $aSeMil$bita 100 1 $aPerche, Louis.$0(OLS)http://semarc/name/53714 245 10$aPaul Eluard /$cLouis Perche. 260 $aTorino :$bBorla,$c1966. 300 $a188 p. ;$c19 cm. 490 0 $aScrittori del Secolo ;$v26 600 14$aÉluard, Paul <1895-1952>.$0(OLS)http://semarc/subject/20245 830 0$aScrittori del Secolo ;$v26.$0(OLS)http://semarc/title/10418 850 $aSeMil 852 $aSeMil$W1$xVenegono$y1$m1R I 135$j247278$B83682$CSeMilBibl$Z2$F124728 $81 961 $aRecupero: Altro 996 $6245$aPaul Eluard$9(OLS)http://semarc/title/191189 996 $6260$aTorino :$bBorla$9(OLS)http://semarc/publisher/29913 LEADER 01380nam a2200289 i 4500 001 000000108737 003 CaOOAMICUS 005 20021009000000.0 008 021009s1997 it u000 u ita u 013 $a81417 020 $a88-384-2845-X 040 $aSeMil$bita 100 1 $aRossi de Gasperis, Francesco,$c.$0(OLS)http://semarc/name/3731 245 10$aCominciando da Gerusalemme (Lc 24,47) :$bla sorgente della fede e dell'esistenza cristiana /$cFrancesco Rossi De Gasperis ; prefazione di Carlo Maria Martini. 260 $aCasale Monferrato (AL) :$bPiemme,$c1997. 300 $a588 p. ;$c23 cm. 500 $aFondo Card. C.M. Martini. 650 4$aCristianesimo e ebraismo.$0(OLS)http://semarc/subject/44782 650 4$aBibbia - Gerusalemme.$0(OLS)http://semarc/subject/15683 700 1 $aMartini, Carlo Maria,$c.$0(OLS)http://semarc/name/89159 850 $aSeMil 852 $aSeMil$W1$xVenegono$y1$m2V III 60$j64801$B64801$CSeMilBibl$Z2$F84057 $81 941 1 $a4 961 $aOmaggio: Martini Card. Carlo Maria 996 $6020$a88-384-2845-X$9(OLS)http://semarc/number/89787 996 $6245$aCominciando da Gerusalemme (Lc 24,47) :$bla sorgente della fede e dell'esistenza cristiana$9(OLS)http://semarc/title/157744 996 $6260$aCasale Monferrato (AL) :$bPiemme$9(OLS)http://semarc/publisher/30052